000 00623cam a22002173a 4500
001 45206
003 PGUSA
005 20140828084032.0
008 140324s2014||||xxu|||||s|||||000 | eng d
040 _aPGUSA
_beng
042 _adc
100 1 _aDurham, Robert Lee
245 1 4 _aThe Call of the South
_h[electronic resource] /
_cRobert Lee Durham
260 _bProject Gutenberg,
_c2014
506 _aPublic domain in the USA.
516 _aElectronic text
700 1 _aRoth, H. Ling
_q(Henry Ling),
_d1855-1925
830 0 _aProject Gutenberg
_v45206
856 4 0 _uhttp://www.gutenberg.org/ebooks/45206
942 _cEB
999 _c274457
_d274457